Thousand Rooms Of Dream And Fear (Record no. 317840)

MARC details
000 -LEADER
fixed length control field 00371nam a2200145Ia 4500
008 - FIXED-LENGTH DATA ELEMENTS--GENERAL INFORMATION
fixed length control field 230718s9999 xx 000 0 und d
041 ## - LANGUAGE CODE
Language code of text/sound track or separate title eng
082 ## - DEWEY DECIMAL CLASSIFICATION NUMBER
Classification number 153.3
Item number RAH
100 ## - MAIN ENTRY--PERSONAL NAME
Personal name Rahimi A.
9 (RLIN) 164658
245 ## - TITLE STATEMENT
Title Thousand Rooms Of Dream And Fear
260 ## - PUBLICATION, DISTRIBUTION, ETC. (IMPRINT)
Name of publisher, distributor, etc. Vintage
365 ## - TRADE PRICE
Currency code Rs.
Price amount 353.00
700 ## - ADDED ENTRY--PERSONAL NAME
Personal name Rahimi A.
9 (RLIN) 164658
906 ## - LOCAL DATA ELEMENT F, LDF (RLIN)
d B:224518-Oct-2007
c OTH
b 70.6
Holdings
Withdrawn status Lost status Damaged status Not for loan Home library Current library Date acquired Vendor Budget Code Cost, normal purchase price Bill number Total Checkouts Full call number Barcode Date last seen Discount Cost, replacement price Bill Date Koha item type Original Barcode
        Cummins College of Engineering for Women Pune Cummins College of Engineering for Women Pune 29/11/2007 Tbs OTH 282.40 2245   153.3 CCEP-BK-29047 18/07/2023 70.6 353.00 18/10/2007 Books 029047